000 00243nam a2200097Ia 4500
001 655232
005 20250826154533.0
008 250824s9999 xx 000 0 und d
245 0 _aKocakafa Nate 6/Tam Havasında
_cLincoln Peirce
260 _bALTIN
999 _c655232
_d655232